Desarrollo experimental para la fabricación de vidrio en Nicaragua.

Consiste en la obtención de vidrio a escala experimental utilizando como materia prima minerales no - metálicos (cuarzo, arena, feldespato y otros) y desechos de vidrio que existen en el país.Evalúa el comportamiento de la materia prima en la obtención del vidrio.Incluyendo los desechos de vidr...

Full description

Bibliographic Details
Main Author: Delgado Gómez, Leyla Isabel
Other Authors: Tutor: Rojas Zambrana, Silvio.
Format: Tesis Section = Libro
Language:Undetermined
Spanish
Published: Managua UNI 2001
Subjects:
LEADER 01257nam a2200253Ia 4500
008 240830s9999 xx 000 0 und d
040 |a CEDOC DACA-RUSB / Mon 666.1 D352 
041 |a spa 
082 |a Mon 666.1 D352 
100 1 |a Delgado Gómez, Leyla Isabel 
245 1 0 |a Desarrollo experimental para la fabricación de vidrio en Nicaragua. 
260 |a Managua  |b UNI  |c 2001 
300 |a 77 p. :il 
500 |a Contiene anexos 
502 |a Tesis (Ingeniero Químico) -UNI, 2001. 
520 3 |a Consiste en la obtención de vidrio a escala experimental utilizando como materia prima minerales no - metálicos (cuarzo, arena, feldespato y otros) y desechos de vidrio que existen en el país.Evalúa el comportamiento de la materia prima en la obtención del vidrio.Incluyendo los desechos de vidrio. Propone un diseño tecnológico de hornos para obtener vidrio. Cuantífica los costos de los materiales que se usan en los experimentos de manera que sirvan como referencia. 
650 7 |a VIDRIO - FABRICACION 
650 7 |b  TECNICAS Y PROCEDIMIETOS VIDRIO. 
650 7 |c  TECNOLOGIA DEL VIDRIO - NICARAGUA. 
650 7 |d  MATERIA PRIMA - VIDRIO 
700 1 |a Tutor:  |b Rojas Zambrana, Silvio. 
942 |c BK  |2 ddc 
991 |a TESIS 
999 |c 26352